<?xml version="1.0" encoding="UTF-8"?>
<marc:record xmlns:marc="http://www.loc.gov/MARC21/slim">
   <marc:leader>00000nam a2200000 a 4500</marc:leader>
   <marc:datafield ind1="1" ind2=" " tag="100">
      <marc:subfield code="a">Strecker, Rainer</marc:subfield>
      <marc:subfield code="4">aut</marc:subfield>
      <marc:subfield code="e">Verfasser/-in</marc:subfield>
   </marc:datafield>
   <marc:datafield ind1="1" ind2=" " tag="100">
      <marc:subfield code="a">Funke, Cornelia</marc:subfield>
      <marc:subfield code="4">wpr</marc:subfield>
      <marc:subfield code="e">Writer of preface</marc:subfield>
   </marc:datafield>
   <marc:datafield ind1=" " ind2=" " tag="653">
      <marc:subfield code="a">Reiseerzählungen/Nordamerika</marc:subfield>
   </marc:datafield>
   <marc:datafield ind1=" " ind2=" " tag="653">
      <marc:subfield code="a">Mittelamerika</marc:subfield>
   </marc:datafield>
   <marc:datafield ind1=" " ind2=" " tag="653">
      <marc:subfield code="a">9</marc:subfield>
   </marc:datafield>
   <marc:datafield ind1=" " ind2=" " tag="653">
      <marc:subfield code="a">Reisen</marc:subfield>
   </marc:datafield>
   <marc:datafield ind1=" " ind2=" " tag="653">
      <marc:subfield code="a">Los Angeles</marc:subfield>
   </marc:datafield>
   <marc:datafield ind1=" " ind2=" " tag="653">
      <marc:subfield code="a">Führer</marc:subfield>
   </marc:datafield>
   <marc:datafield ind1="0" ind2="0" tag="245">
      <marc:subfield code="a">Gebrauchsanweisung für Los Angeles</marc:subfield>
   </marc:datafield>
   <marc:datafield ind1="0" ind2="0" tag="245">
      <marc:subfield code="c">Rainer Strecker. Mit einem Vorw. von Cornelia Funke</marc:subfield>
   </marc:datafield>
   <marc:datafield ind1=" " ind2="1" tag="264">
      <marc:subfield code="a">München</marc:subfield>
      <marc:subfield code="b">Piper</marc:subfield>
      <marc:subfield code="c">2013</marc:subfield>
   </marc:datafield>
   <marc:datafield ind1="1" ind2=" " tag="490">
      <marc:subfield code="a">Piper</marc:subfield>
      <marc:subfield code="v">27631</marc:subfield>
   </marc:datafield>
   <marc:datafield ind1="1" ind2=" " tag="520">
      <marc:subfield code="a">Angaben aus der Verlagsmeldung

Gebrauchsanweisung für Los Angeles / von Rainer Strecker

Rainer Strecker, der in der City of Angels eine zweite Heimat fand, nähert sich der Film- und Kunstmetropole. Augenzwinkernd berichtet er vom Strandleben, von seiner Odyssee durch Yogastudios und ersten Erfolgen als Zen-Therapist. Vom Alltag unter Menschen, für die das Auto der Lebensmittelpunkt und fettfreie Ernährung das oberste Gebot ist.
Der Autor blickt hinter die Kulissen der Traumfabrik Hollywood, führt zu Lichtspielpalästen und anderen architektonischen Highlights. Er streift über Boulevards und Freeways, besucht Beverly Hills, die Villa Aurora und versucht herauszufinden, wie es sich anfühlt, Downtown mit dem Fahrrad zu erkunden. Er entdeckt die spirituellen Seiten der Metropole, in der man Ausflüge in frühere Leben unternehmen kann. Er verrät, dass man das beste Rindfleisch der Stadt beim Mexikaner und richtig guten Joghurt beim Griechen kauft. Er gibt Tipps für ungewöhnliche Touren und enthüllt die Regeln des Datingsystems. Er erzählt, wie das Haus seiner guten Freundin Cornelia von bösen Geistern befreit wurde. Und gibt Antwort auf die Frage, wie man eine echte Parkplatzparty feiert.
</marc:subfield>
   </marc:datafield>
   <marc:datafield ind1=" " ind2=" " tag="020">
      <marc:subfield code="a">9783492276313</marc:subfield>
      <marc:subfield code="9">9783492276313</marc:subfield>
   </marc:datafield>
   <marc:datafield ind1=" " ind2=" " tag="020">
      <marc:subfield code="a">3492276318</marc:subfield>
      <marc:subfield code="9">3492276318</marc:subfield>
   </marc:datafield>
   <marc:datafield ind1=" " ind2=" " tag="041">
      <marc:subfield code="a">ger</marc:subfield>
   </marc:datafield>
   <marc:datafield ind1=" " ind2=" " tag="300">
      <marc:subfield code="a">221 S.</marc:subfield>
   </marc:datafield>
</marc:record>
